000
00179nam a22000857a 4500
999
_c
264307
_d
264306
100
_a
David Shannon
245
_a
DUCK AND A BOOK
260
_a
USA
_b
Sholastic Inc
_c
2005
942
_c
BK